| 000 | 00468nam a22001817a 4500 | ||
|---|---|---|---|
| 005 | 20251108175114.0 | ||
| 008 | 250721s2007 xx 000 0 eng d | ||
| 082 | 1 | 4 | _a616.994/WAL |
| 100 | 1 | _aWALSH, patrick | |
| 245 | 1 | 0 | _aGuide to Surviving Prostate Cancer / |
| 264 | 1 |
_aNew York : _bGarand central Life Style, _c2007. |
|
| 300 | _a575 P. | ||
| 650 | 1 | 7 | _aCANCER |
| 650 | 1 | 7 | _aProstate |
| 700 | 1 | _aWORTHINGTON, FARRAR | |
| 942 |
_2ddc _cBK |
||
| 999 |
_c126279 _d126279 |
||